Sports Quiz

Random Sports or NHL Quiz

NHL Multiple Team States/Provinces Quiz Stats

Quiz Updated Jun 14, 2013

Also try: NHL Arenas
Challenge
Share
Tweet
Embed
Score 0/6 Timer 01:00
0 Plays Today
State/Province % Correct
New York
97%
California
94.5%
Florida
83.1%
Ontario
76.3%
Pennsylvania
66.4%
Alberta
65.1%

You're not logged in!

Compare scores with friends on all Sporcle quizzes.
Join for Free
OR
Log In

You Might Also Like...

Show Comments

Extras

Top Quizzes Today


Score Distribution

Your Account Isn't Verified!

In order to create a playlist on Sporcle, you need to verify the email address you used during registration. Go to your Sporcle Settings to finish the process.

Report this User

Report this user for behavior that violates our Community Guidelines.

Details: